RLCS 2024 Copenhagen Major Participants - Statistics

General Stats
  • This quiz has been taken 337 times
  • The average score is 42 of 48
Answer Stats
Nationality / Team Answer % Correct
Vatira
100%
Alpha54
99%
Atow
99%
BeastMode
99%
Daniel
99%
Rise
99%
Monkey Moon
99%
Zen
99%
ApparentlyJack
98%
Atomic
98%
Radosin
98%
Itachi
97%
Firstkiller
96%
JKnaps
96%
Juicy
96%
Noly
96%
Chronic
95%
dralii
95%
Seikoo
95%
trk511
95%
Comm
93%
RW9
93%
Retals
92%
CHEESE
91%
ExoTiiK
91%
Reysbull
91%
Ahmad
90%
CRR
90%
Nwpo
90%
MaJicbear
89%
oKhaliD
89%
Bananahead
87%
Torsos
87%
Drufinho
85%
Dorito
83%
Kiileerrz
83%
Lostt
83%
Fever
77%
yANXNZ
77%
2Die4
72%
Amphis
70%
Kevin
67%
LCT
67%
Sphinx
67%
Scrub
62%
Snowyy
62%
Fibérr
60%
Sweaty
51%
No matching quizzes found
Score Distribution
Percent of People with Each Score
Percentile by Number Answered
Your Score History
You have not taken this quiz